La gestión de la intimidad en la sociedad digital : (Record no. 194953)

MARC details
000 -LEADER
campo de control de longitud fija 04961nam a2200433 i 4500
001 - NÚMERO DE CONTROL
campo de control 194953
003 - IDENTIFICADOR DE NÚMERO DE CONTROL
campo de control ES-MaACL
005 - FECHA Y HORA DE LA ÚLTIMA TRANSACCIÓN
campo de control 20250902225558.0
008 - DATOS DE LONGITUD FIJA--INFORMACIÓN GENERAL
campo de control de longitud fija 240321s2022 sp d f 001 spa c
017 ## - NÚMERO DE COPYRIGHT O DE DEPÓSITO LEGAL
Número de copyright o de depósito legal BI 00845-2022
Agencia que asigna Oficina Depósito Legal Bilbao
020 ## - NÚMERO INTERNACIONAL ESTÁNDAR DEL LIBRO
Número Internacional Estándar del Libro 978-84-92937-90-5
040 ## - FUENTE DE CATALOGACIÓN
Centro catalogador/agencia de origen UCA-CSJ
Lengua de catalogación spa
Centro/agencia transcriptor ES-MaACL
080 ## - NÚMERO DE LA CLASIFICACIÓN DECIMAL UNIVERSAL
Número de la Clasificación Decimal Universal 159.922.27(460)
080 ## - NÚMERO DE LA CLASIFICACIÓN DECIMAL UNIVERSAL
Número de la Clasificación Decimal Universal 177(460)
080 ## - NÚMERO DE LA CLASIFICACIÓN DECIMAL UNIVERSAL
Número de la Clasificación Decimal Universal 316.472.4(460)
080 ## - NÚMERO DE LA CLASIFICACIÓN DECIMAL UNIVERSAL
Número de la Clasificación Decimal Universal 316.361(460)
245 03 - MENCIÓN DEL TÍTULO
Título La gestión de la intimidad en la sociedad digital :
Resto del título parejas y rupturas en la España actual /
Mención de responsabilidad, etc. Mercedes Fernández Alonso ... [et al.] ; Félix Requena Santos, Luis Ayuso Sánchez (eds.)
250 ## - MENCION DE EDICION
Mención de edición Primera edición, 2022
260 ## - PUBLICACIÓN, DISTRIBUCIÓN, ETC.
Lugar de publicación, distribución, etc. Bilbao :
Nombre del editor, distribuidor, etc. Fundación BBVA,
Fecha de publicación, distribución, etc. 2022
300 ## - DESCRIPCIÓN FÍSICA
Extensión 492 páginas :
Otras características físicas tablas (blanco y negro) ;
Dimensiones 24 cm
336 ## - TIPO DE CONTENIDO
Fuente rdacontent
Término de tipo de contenido texto
337 ## - TIPO DE MEDIO
Fuente rdamedia
Nombre/término del tipo de medio sin mediación
338 ## - TIPO DE SOPORTE
Fuente rdacarrier
Nombre/término del tipo de soporte volumen
500 ## - NOTA GENERAL
Nota general Índices
504 ## - NOTA DE BIBLIOGRAFÍA, ETC.
Nota de bibliografía, etc. Bibliografía: páginas 472-474
505 0# - NOTA DE CONTENIDO CON FORMATO
Nota de contenido con formato Primera parte: Emparejamientos en la nueva sociedad de la información. Segunda parte: Parejas y ciclo de vida. Tercera parte: Parejas convencionales y nuevas parejas. Cuarta parte: Parejas, relaciones sociales y nuevas sociabilidades. Quinta parte: Estrategias para el estudio de las dinámicas de pareja
520 ## - RESUMEN, ETC.
Sumario, etc. Esta monografía analiza la manera en la que las parejas españolas gestionan sus procesos de emparejamiento, sus dinámicas de vida en pareja, así como las rupturas y sus consecuencias. Aborda desde una perspectiva sociológica un tema muy relevante vinculado con la estructura social y calidad de vida de los españoles, que apenas había sido estudiado de forma conjunta en nuestro país. El diseño de investigación partió de una amplia revisión bibliográfica nacional e internacional, que dio lugar a la elaboración de un marco teórico original donde se integraron diversas perspectivas que sirvieron de guía a lo largo del estudio. En la recogida de datos se ha utilizado la triangulación metodológica (cuantitativa, cualitativa y de redes). Se ha explotado de forma específica la Encuesta de Fecundidad (INE, 2018) y la tercera oleada de la Encuesta Social General Española ESGE (CIS, 2018). Se ha realizado un trabajo cualitativo inédito, con 9 grupos de discusión y 27 entrevistas a parejas (81 en total). Esta recogida de datos se completó con el análisis de la red social de 104 participantes en la investigación. Su explotación ha permitido combinar la perspectiva de la vida en pareja según grupos de edad (parejas jóvenes, medianas y mayores); profundizar en las diferentes tipologías de pareja, y estudiar las relaciones de pareja “cara a cara” y las mediadas por las TIC. Los resultados obtenidos señalan las importantes transformaciones que están aconteciendo en la esfera privada en nuestro país. Los procesos de emparejamiento se alargan cada vez más durante todo el ciclo vital, con una mayor aceptación de la pluralidad. Las nuevas tecnologías contribuyen a ampliar los mercados de emparejamientos, y los nuevos valores a acentuar esta tendencia, dando lugar a una amplia diversidad de relaciones afectivo sexuales que repercuten en los proyectos estables de pareja. Existen importantes diferencias por edad a partir de los 65 años. A nivel interno, pese a la percepción negativa del impacto de las TIC, la comunicación en la familia es cada vez más intensa, y aspectos como la conciliación, la gestión de los cuidados, el dinero o la sexualidad forman parte de manera más explícita de la gestión de la intimidad, con una tendencia hacia la mayor igualdad de género. Las rupturas están más presentes en todas las generaciones, viviéndose este hecho con mayor normalización que en el pasado. Los factores de las rupturas son principalmente emocionales, debiendo trabajarse más la gestión de las emociones en todas las edades. El análisis de redes pone de manifiesto el proceso particular de nuclearización de las relaciones de pareja en España, con menos hijos y con un peso más importante de las redes digitales y los amigos, aunque sin perder los vínculos estructurales. Esta obra se dirige a diferentes grupos interesados en la familia y en las relaciones de pareja: desde profesionales y académicos de la sociología, psicología, derecho, economía, entre otros, a la sociedad civil en general
650 #7 - PUNTO DE ACCESO ADICIONAL DE MATERIA--TÉRMINO DE MATERIA
Término de materia o nombre geográfico como elemento de entrada Relaciones interpersonales
Fuente del encabezamiento o término embne
9 (RLIN) 164022
650 #7 - PUNTO DE ACCESO ADICIONAL DE MATERIA--TÉRMINO DE MATERIA
Término de materia o nombre geográfico como elemento de entrada Relaciones de pareja
Fuente del encabezamiento o término embne
9 (RLIN) 16779
700 1# - ENTRADA AGREGADA--NOMBRE PERSONAL
Nombre de persona Fernández Alonso, Mercedes
Títulos y otros términos asociados al nombre (socióloga)
Término indicativo de función/relación Autor
9 (RLIN) 241655
700 1# - ENTRADA AGREGADA--NOMBRE PERSONAL
Nombre de persona Requena Santos, Félix
Término indicativo de función/relación Editor literario
9 (RLIN) 96308
700 1# - ENTRADA AGREGADA--NOMBRE PERSONAL
Nombre de persona Ayuso Sánchez, Luis
Término indicativo de función/relación Editor literario
9 (RLIN) 139928
710 2# - ENTRADA AGREGADA--NOMBRE DE ENTIDAD CORPORATIVA
Nombre de entidad corporativa o nombre de jurisdicción como elemento de entrada Fundación BBVA
Término indicativo de función/relación Editor
9 (RLIN) 4230
852 4# - LOCALIZACIÓN
Ubicación ES-MaACL
Ubicación en estantería Depósito J
Donativo/Legado Donación: Fundación BBVA
Número de control de estantería N-9921
itemnumber 205843
942 ## - ELEMENTOS DE ENTRADA SECUNDARIOS (KOHA)
Tipo de ítem Koha Libro impreso
Suprimir en OPAC No
Holdings
Estatus retirado Estado de pérdida Fuente del sistema de clasificación o colocación Estado de daño No para préstamo Biblioteca de origen Biblioteca actual Ubicación en estantería Fecha de adquisición Fuente de adquisición Total de préstamos Signatura topográfica completa Código de barras Visto por última vez Tipo de ítem Koha
    Clasificación decimal universal     Biblioteca del Ateneo de Madrid Biblioteca del Ateneo de Madrid Depósito J 26/05/2025 Donación   N-9921 101230180 26/05/2025 Libro impreso